Countries that Visit Vietnam the Most - Statistics

General Stats
  • This quiz has been taken 483 times
  • The average score is 9 of 10
Answer Stats
Rank Country # of visitors % Correct
1 China 2,696,848
99%
4 United States 552,644
96%
3 Japan 740,592
93%
9 Thailand 266,984
92%
2 South Korea 1,543,883
89%
8 Australia 320,678
84%
7 Malaysia 407,574
80%
6 Russia 433,987
74%
10 Singapore 957,041
74%
5 Taiwan 507,301
74%
No matching quizzes found
Score Distribution
Percent of People with Each Score
Percentile by Number Answered
Your Score History
You have not taken this quiz